Detalles MARC
| 000 -CABECERA |
| campo de control de longitud fija |
02197nam a22003017a 4500 |
| 001 - NÚMERO DE CONTROL |
| campo de control |
114338 |
| 003 - IDENTIFICADOR DEL NÚMERO DE CONTROL |
| campo de control |
DR-UNIBE |
| 005 - FECHA Y HORA DE LA ÚLTIMA TRANSACCIÓN |
| campo de control |
20260128151947.0 |
| 008 - DATOS DE LONGITUD FIJA--INFORMACIÓN GENERAL |
| campo de control de longitud fija |
260128b2025 dr ||||| |||| 00| 0 spa d |
| 020 ## - NÚMERO INTERNACIONAL ESTÁNDAR DEL LIBRO |
| Número Internacional Estándar del Libro |
9789945251425 (volumen 1) |
| 020 ## - NÚMERO INTERNACIONAL ESTÁNDAR DEL LIBRO |
| Número Internacional Estándar del Libro |
9789945251418 (volumen 2) |
| 040 ## - FUENTE DE LA CATALOGACIÓN |
| Centro catalogador/agencia de origen |
BIBLIOTECA UNIBE |
| Centro/agencia transcriptor |
BIBLIOTECA UNIBE |
| Normas de descripción |
rda |
| 041 ## - CÓDIGO DE LENGUA |
| Código de lengua del texto/banda sonora o título independiente |
spa |
| 082 ## - NÚMERO DE LA CLASIFICACIÓN DECIMAL DEWEY |
| Número de clasificación |
RD 801.95 M559o |
| 100 1# - ENTRADA PRINCIPAL--NOMBRE DE PERSONA |
| Nombre de persona |
Merejo Checo, Andrés |
| 9 (RLIN) |
201877 |
| Término indicativo de función/relación |
autor |
| 245 13 - MENCIÓN DE TÍTULO |
| Título |
El oficio de pensar : |
| Resto del título |
diálogos filosóficos / |
| Mención de responsabilidad, etc. |
Andrés Merejo Checo |
| 260 ## - PUBLICACIÓN, DISTRIBUCIÓN, ETC. |
| Lugar de publicación, distribución, etc. |
Santo Domingo : |
| Nombre del editor, distribuidor, etc. |
Archivo General de la Nación (AGN), |
| Fecha de publicación, distribución, etc. |
2025 |
| 300 ## - DESCRIPCIÓN FÍSICA |
| Extensión |
2 volúmenes : |
| Otras características físicas |
ilustraciones |
| 490 ## - MENCIÓN DE SERIE |
| Mención de serie |
Archivo General de la Nación ; |
| Designación de volumen o secuencia |
volúmenes 543 y 544 |
| 505 ## - NOTA DE CONTENIDO CON FORMATO |
| Nota de contenido con formato |
Tomo 1|<br/> Introducción, Kary Alba Rocha Arias |<br/> Javier Aguirre |<br/> Esteban Anchústegui Igartua |<br/> Mabel Marta Artidiello Moreno |<br/> Alejandro Arvelo |<br/> Ignacio Ayestarán Úriz |<br/> Luis O. Brea Franco 125 - Francisco Javier Caballero Harriet |<br/> Antonio Campillo |<br/> Rafael Capurro |<br/> Horacio Cerutti Guldberg |<br/> César Cuello Nieto |<br/> Domingo de los Santos |<br/> Leonardo Díaz |<br/> Javier Echeverría |<br/> Roberto Feltrero Oreja |<br/> Fernando Ferrán |<br/> José Ignacio Galparsoro |<br/> Iñigo Galzacorta |<br/> Luis Garagalza |<br/> Román García Fernández |<br/> Víctor Gómez Pin |<br/> Pablo Guadarrama |<br/><br/><br/> |
| 505 ## - NOTA DE CONTENIDO CON FORMATO |
| Nota de contenido con formato |
Tomo 2 |<br/> Introducción de Kary Alba Rocha Arias |<br/> Alberto Hidalgo Tuñón |<br/> Vanna Ianni |<br/> Daniel Innerarity |<br/> Xabier Insausti Ugarriza |<br/> Cristina Lasa |<br/> José Mármol |<br/> Lusitania Martínez |<br/> Pablo Mella |<br/> Edickson Minaya |<br/> Julio Minaya |<br/> Rafael Morla |<br/> Fidel Munnigh |<br/> Dustin Muñoz |<br/> Orlando Objío |<br/> Julián Pacho |<br/> Carlos Rojas Osorio |<br/> Alberto Saladino García |<br/> Nicanor Ursua Lezaun |<br/> Julián Valdés |<br/> Daniel Vargas Peña |<br/> |
| 650 #7 - PUNTO DE ACCESO ADICIONAL DE MATERIA--TÉRMINO DE MATERIA |
| Fuente del encabezamiento o término |
lemb |
| Término de materia o nombre geográfico como elemento de entrada |
Filosofía |
| Subdivisión general |
Escritos varios |
| 9 (RLIN) |
201885 |
| 650 #7 - PUNTO DE ACCESO ADICIONAL DE MATERIA--TÉRMINO DE MATERIA |
| Fuente del encabezamiento o término |
lemb |
| Término de materia o nombre geográfico como elemento de entrada |
Filósofos |
| Subdivisión general |
Crítica e interpretación |
| 9 (RLIN) |
201886 |
| 650 #7 - PUNTO DE ACCESO ADICIONAL DE MATERIA--TÉRMINO DE MATERIA |
| Fuente del encabezamiento o término |
lemb |
| Término de materia o nombre geográfico como elemento de entrada |
Filosofía |
| Subdivisión general |
Crítica e interpretación |
| 9 (RLIN) |
201887 |
| 700 ## - PUNTO DE ACCESO ADICIONAL--NOMBRE DE PERSONA |
| Nombre de persona |
Rocha Arias, Kary Alba |
| 9 (RLIN) |
166060 |
| Término indicativo de función/relación |
editor |
| -- |
corrector |
| 700 ## - PUNTO DE ACCESO ADICIONAL--NOMBRE DE PERSONA |
| Nombre de persona |
Fernández Vásquez, Yahaira |
| 9 (RLIN) |
155947 |
| Término indicativo de función/relación |
diagramador |
| -- |
diseñador |
| 942 ## - ELEMENTOS DE PUNTO DE ACCESO ADICIONAL (KOHA) |
| Fuente del sistema de clasificación o colocación |
Sistema de Clasificación Decimal Dewey |
| Tipo de ítem Koha |
Libro (general) |